000 00659nam a2200181 i 4500
001 72319
003 ES-MaACL
007 t|
008 040830s1983 sp ||||1| spa d
100 1 _aGiner Pastor, Juan.
_957130
245 1 3 _aEl ferrocarril
_b: Madrid-Alicante en el siglo XIX /
_cJuan Giner Pastor.
260 _aalicante :
_bCaja de Ahorros Provincial de Alicante,
_c1983.
300 _a105 p. :
_bil. ;
_c22 cm.
490 1 _aPublicaciones de la Caja de Ahorros de Alicante ;
_v102
830 0 0 _aPublicaciones de la Caja de Ahorros Provincial de Alicante
_v102
_9186986
852 _aES-MaACL
_jL-5496
_bR.105723
999 _c72319
_d72319